Integer and combinatorial optimization /
Guardado en:
| Autor Principal: | |
|---|---|
| Otros Autores: | |
| Formato: | Libro |
| Idioma: | English |
| Publicado: |
New York :
Wiley,
c1988.
|
| Series: | Wiley-Interscience series in discrete mathematics and optimization
|
| Materias: | |
| Etiquetas: |
Agregar Etiqueta
Sin Etiquetas, Sea el primero en etiquetar este registro!
|
| LEADER | 00945pam a2200265 a 4500 | ||
|---|---|---|---|
| 001 | MAT.inmabb004724 | ||
| 008 | 871123s1988####nyua#####b####001#0#eng## | ||
| 005 | 20130314144336.0 | ||
| 245 | 1 | 0 | |a Integer and combinatorial optimization / |c George L. Nemhauser, Laurence A. Wolsey. |
| 260 | |a New York : |b Wiley, |c c1988. | ||
| 300 | |a xiv, 763 p. : |b il. ; |c 26 cm. | ||
| 440 | 0 | |a Wiley-Interscience series in discrete mathematics and optimization | |
| 500 | |a "A Wiley-Interscience publication." | ||
| 504 | |a Incluye referencias bibliográficas (p. 721-747) e índices. | ||
| 510 | 4 | |a MR, |c 90b:90097 | |
| 020 | |a 047182819X | ||
| 100 | 1 | |a Nemhauser, George L. | |
| 700 | 1 | |a Wolsey, Laurence A. | |
| 650 | 0 | |a Mathematical optimization. | |
| 650 | 0 | |a Integer programming. | |
| 650 | 0 | |a Combinatorial optimization. | |
| 084 | |a 90C10 (05-02 90C27) |2 msc2000 | ||
| 010 | |a 87034067 | ||
| 040 | |a DLC |c DLC |d DLC | ||
| 859 | |h 90 |i N433 |p A-6350 |b BIB. MATEMATICA | ||
